00576nam a2200205 a 4500001001300000003000900013005001700022008004100039020001000080082002000090100002000110245007800130260004500208300000800253500003500261505001000296650002400306650002000330700002000350nice12345678IN_TiNIC20260116012929.0050524s0000 hyda grp 000 0 urd  ac10000a720.954025bMAH aMahirul-Qadri,  aMashhoor Yadgarenb Qutub Minar Delhi Ki Jami Masjid, Lal Qila, Taj Mahal aHyderabadbMasood Publishing Housec0000 a45p aincludes index and biblioraphy2 aindex aArchitecture-Mughal aIndia-Monuments1 aMahirul-Qadri,